<?xml version="1.0" encoding="UTF-8"?><?xml-stylesheet type="text/xsl" href="static/style.xsl"?><OAI-PMH xmlns="http://www.openarchives.org/OAI/2.0/" xmlns:xsi="http://www.w3.org/2001/XMLSchema-instance" xsi:schemaLocation="http://www.openarchives.org/OAI/2.0/ http://www.openarchives.org/OAI/2.0/OAI-PMH.xsd"><responseDate>2026-04-13T11:25:11Z</responseDate><request verb="GetRecord" identifier="oai:www.recercat.cat:2099.1/12244" metadataPrefix="marc">https://recercat.cat/oai/request</request><GetRecord><record><header><identifier>oai:recercat.cat:2099.1/12244</identifier><datestamp>2025-07-24T18:14:08Z</datestamp><setSpec>com_2072_1033</setSpec><setSpec>col_2072_452951</setSpec></header><metadata><record xmlns="http://www.loc.gov/MARC21/slim" xmlns:dcterms="http://purl.org/dc/terms/" xmlns:xsi="http://www.w3.org/2001/XMLSchema-instance" xmlns:doc="http://www.lyncode.com/xoai" xsi:schemaLocation="http://www.loc.gov/MARC21/slim http://www.loc.gov/standards/marcxml/schema/MARC21slim.xsd">
   <leader>00925njm 22002777a 4500</leader>
   <datafield ind2=" " ind1=" " tag="042">
      <subfield code="a">dc</subfield>
   </datafield>
   <datafield ind2=" " ind1=" " tag="720">
      <subfield code="a">Fernández de Labastida Ventura, Marcos</subfield>
      <subfield code="e">author</subfield>
   </datafield>
   <datafield ind2=" " ind1=" " tag="260">
      <subfield code="c">2011-04</subfield>
   </datafield>
   <datafield ind2=" " ind1=" " tag="520">
      <subfield code="a">El objetivo de este proyecto es obtener un sistema de detección que permita monitorizar&#xd;
simultáneamente la concentración de dos metales (Cu2+ y Ca2+) durante un proceso de&#xd;
biosorción.&#xd;
Para ello se trabaja con el concepto de la lengua electrónica, el uso de redes de sensores&#xd;
con selectividad cruzada y métodos matemáticos multivariable de reconocimiento de&#xd;
patrones o modelos para la interpretación de la señal de la red. Así se establece un modelo&#xd;
de respuesta que proporcione la concentración de cada metal a partir de la respuesta de un&#xd;
conjunto de sensores potenciométricos.&#xd;
En primer lugar se construye la lengua electrónica, es decir, a partir de un conjunto de&#xd;
patrones mezcla de los dos metales a estudiar y de la señal que estos producen se&#xd;
determina el modelo de respuesta mediante el uso de redes neuronales artificiales. Esto se&#xd;
hace usando un software específico para este tipo de tratamiento (EasyNN-Plus) y un&#xd;
complemento de un programa de cálculo numérico (Neural Network Package para Octave).&#xd;
Una vez desarrollado el modelo de respuesta, este se aplica a los datos obtenidos en un&#xd;
experimento de adsorción de una disolución de Cu2+ en raspo de uva, con la presencia de&#xd;
Ca2+ en el flujo de salida. Para esta aplicación se usan los modelos elaborados con cada&#xd;
programa con el fin de comparar los resultados en cada caso. Además, se usa la&#xd;
espectroscopia de absorción atómica (AAS) para la determinación de Cu+2 en el flujo de&#xd;
salida y así comparar la predicción del modelo con un método analítico de referencia.&#xd;
El uso de los programas mencionados ha permitido obtener un modelo con el que calcular la&#xd;
concentración de Cu2+ y Ca2+ a partir de la respuesta de un conjunto de sensores&#xd;
potenciométricos, de manera que ha sido posible seguir la evolución del proceso de&#xd;
biosorción para ambos metales de forma simultanea. Los resultados obtenidos para el Cu2+&#xd;
se ajustan adecuadamente a los valores proporcionados por el método de referencia, y para&#xd;
ambos iones, los resultados concuerdan con lo esperado.</subfield>
   </datafield>
   <datafield tag="653" ind2=" " ind1=" ">
      <subfield code="a">Àrees temàtiques de la UPC::Enginyeria dels materials::Assaig de materials::Assaigs químics</subfield>
   </datafield>
   <datafield tag="653" ind2=" " ind1=" ">
      <subfield code="a">Àrees temàtiques de la UPC::Enginyeria química</subfield>
   </datafield>
   <datafield tag="653" ind2=" " ind1=" ">
      <subfield code="a">Heavy metals -- Absorption and adsorption</subfield>
   </datafield>
   <datafield tag="653" ind2=" " ind1=" ">
      <subfield code="a">Monitoring</subfield>
   </datafield>
   <datafield tag="653" ind2=" " ind1=" ">
      <subfield code="a">Metalls pesants -- Absorció i adsorció</subfield>
   </datafield>
   <datafield tag="653" ind2=" " ind1=" ">
      <subfield code="a">Monitoratge</subfield>
   </datafield>
   <datafield ind2="0" ind1="0" tag="245">
      <subfield code="a">Aplicación de lenguas electrónicas en la monitorización de procesos de biosorción de metales</subfield>
   </datafield>
</record></metadata></record></GetRecord></OAI-PMH>